|
|
|
|
| LEADER |
00644nab a2200193 i 4500 |
| 001 |
tisza3420 |
| 005 |
20200330123639.0 |
| 008 |
170310s1956 hu o 0|| hun d |
| 022 |
|
|
|a 0133-1167
|
| 040 |
|
|
|a SZTE Tiszatáj Archívum
|b hun
|
| 041 |
|
|
|a hun
|
| 100 |
1 |
|
|a Petrović Veljko
|
| 245 |
1 |
0 |
|a Miska, az öregbéres
|h [elektronikus dokumentum] :
|b [elbeszélés] /
|c Petrović Veljko
|
| 260 |
|
|
|c 1956
|
| 300 |
|
|
|a 235-239
|
| 490 |
0 |
|
|a Tiszatáj
|v 10 No. 4
|
| 695 |
|
|
|a Szerb irodalom novella, Műfordítás - magyar
|
| 700 |
0 |
1 |
|a Tornyosi Péter
|
| 856 |
4 |
0 |
|u http://tiszataj.bibl.u-szeged.hu/3420/1/tiszataj_1956_004_235-239.pdf
|z Dokumentum-elérés
|